[Event "Olympiad Women 2024"]
[Site "Budapest HUN"]
[Date "2024.09.15"]
[Round "5.52"]
[Board "1"]
[White "Kaslan, Catherine"]
[Black "Sanudula, K M Dahamdi"]
[Result "0-1"]
[WhiteElo "1902"]
[BlackElo "2023"]
[PlyCount "84"]
[EventDate "2024.09.11"]
[WhiteTeam "Suriname"]
[BlackTeam "Sri Lanka"]
[WhiteTeamCountry "SUR"]
[BlackTeamCountry "SRI"]

1. e4 d5 2. exd5 Qxd5 3. Nc3 Qa5 4. d4 Nf6 5. Bc4 Bf5 6. Nf3 e6 7. Bd2 c6 8. Qe2 Bb4 9. O-O O-O 10. a3 Bxc3 11. Bxc3 Qc7 12. b3 ({RR} 12. Nh4 Bg6 13. Nxg6 hxg6 14. b3 Nbd7 15. Rad1 b5 16. Bd3 Nd5 17. Bb2 Nf4 18. Qg4 Nf6 19. Qh4 Rfd8 20. Rfe1 c5 21. dxc5 Nxd3 22. Rxd3 Rxd3 23. cxd3 Qxc5 24. Bxf6 gxf6 25. Qxf6 Qxa3 26. h4 Rc8 {½-½ Pancevski,F (2512)-Sanchez,J (2533) Milan Crespi op-A 33rd 2012 (5)}) ({RR} 12. h3 Nbd7 13. Rac1 Rfe8 14. Rfe1 Ne4 15. Bd2 Nxd2 16. Qxd2 Rad8 17. Qe3 h6 18. Bf1 a6 19. c4 Qd6 20. Rcd1 Kf8 21. Rd2 Nf6 22. Qb3 Qc7 23. Red1 Ne4 24. Re2 Nf6 25. Qe3 c5 26. Rc1 cxd4 {½-½ Diesen,B (2134)-Knutsen,O (1789) TCh-NOR Elite 2022-23 (4.56)}) 12... Nd5 13. Bb2 b5 14. Bd3 $146 ({RR} 14. Bxd5 cxd5 15. Rac1 Qb7 16. Ne5 Nd7 17. Rfe1 Nxe5 18. dxe5 Rfc8 19. Bd4 a5 20. c3 h6 21. Qd2 Ra6 22. h3 {½-½ Mustafin,N (2277)-Tappyrov,V (2244) Yakutsk Nikolaev Memorial 2012 (1)}) 14... Nf4 15. Qe3 Nxd3 16. cxd3 Nd7 17. Rac1 Rac8 18. Nh4 Bg6 19. f4 Nf6 20. Rc5 Nd5 21. Qd2 Bf5 22. g3 Rfd8 23. Rfc1 Ne7 24. Rxb5 cxb5 25. Rxc7 Rxc7 26. Nxf5 Nxf5 27. Qa5 Rcd7 28. Qxb5 Nxd4 29. Bxd4 Rxd4 30. Kg2 Rxd3 31. a4 h5 32. b4 h4 33. Qc5 hxg3 34. hxg3 Rb3 35. Qe7 Rd2+ 36. Kh3 g6 37. b5 Rdd3 38. Qxa7 Rxg3+ 39. Kh2 Rge3 40. Kg2 Re2+ 41. Kf1 Rc2 42. Qa8+ Kg7 0-1

[Event "Olympiad Women 2024"]
[Site "Budapest HUN"]
[Date "2024.09.15"]
[Round "5.52"]
[Board "2"]
[White "Tharushi, T H D Niklesha"]
[Black "Kaslan, Alexandra"]
[Result "1/2-1/2"]
[WhiteElo "1852"]
[BlackElo "1675"]
[PlyCount "96"]
[EventDate "2024.09.11"]
[WhiteTeam "Sri Lanka"]
[BlackTeam "Suriname"]
[WhiteTeamCountry "SRI"]
[BlackTeamCountry "SUR"]

1. d4 Nf6 2. c4 e6 3. Nc3 d5 4. cxd5 exd5 5. Bg5 Be7 6. e3 c6 7. Bd3 h6 8. Bf4 Be6 9. h3 Nbd7 10. Nge2 ({RR} 10. Nf3 Nb6 11. O-O O-O 12. Bh2 Bd6 13. Ne5 Nfd7 14. f4 f6 15. Nf3 Qe7 16. Qc2 Rfe8 17. Bh7+ Kh8 18. Nh4 Nf8 19. Bd3 Rac8 20. Rae1 c5 21. Qf2 Qf7 22. Kh1 cxd4 23. exd4 Bd7 24. Rxe8 Rxe8 {0-1 Yilmaz,M (2630)-Deepan Chakkravarthy,J (2535) Titled Tuesday intern op 13th Apr blitz 2021 (2)}) ({RR} 10. Nf3 Qb6 11. O-O Qxb2 12. Na4 Qa3 13. Rb1 b5 14. Nb2 O-O 15. Ne5 Nxe5 16. dxe5 Nd7 17. Bc2 c5 18. Qh5 Rfc8 19. Bxh6 gxh6 20. Qxh6 Nf8 21. f4 Qxe3+ 22. Kh2 Qd2 23. Rbc1 Rc6 24. Rf3 Bg4 {0-1 Prieto Aranguren,A (2184)-Jaiveer,M (2244) Titled Tue 2nd Apr Early 2024 (7)}) 10... O-O 11. O-O a6 $146 ({RR} 11... Ne8 12. Bh2 Nd6 13. Nf4 Qb6 14. Nxe6 fxe6 15. Bc2 Nf6 16. Na4 Qd8 17. Nc5 Qc8 18. Nd3 Nf7 19. Ne5 Bd6 20. Qd3 Qc7 21. Ng4 Bxh2+ 22. Nxh2 e5 23. Qg6 e4 24. Ng4 Nxg4 25. Qxg4 Rae8 26. b4 {1-0 Bourne,I (1908)-Ivanov,G (1701) BCF-chT3 1314 (4NCL) 2013 (11.129)}) 12. Bh2 c5 13. Nf4 Qb6 14. Na4 Qc6 15. dxc5 Nxc5 16. Nxe6 Qxe6 17. Nxc5 Bxc5 18. Qc2 Bd6 19. Bf5 Bxh2+ 20. Kxh2 Qe5+ 21. Kg1 Ne4 22. Bxe4 dxe4 23. Rfd1 Rfd8 24. Qb3 b5 25. Rac1 Rac8 26. Rxc8 Rxc8 27. g3 Rc4 28. a4 Qf5 29. axb5 axb5 30. Rd8+ Kh7 31. Rd4 Rc1+ 32. Rd1 Rc4 33. g4 Qf3 34. Rf1 Qxh3 35. Qxb5 Qxg4+ 36. Kh2 Qh4+ 37. Kg2 Qg5+ 38. Qxg5 hxg5 39. Rh1+ Kg6 40. Ra1 Rb4 41. Ra6+ f6 42. Ra2 f5 43. Ra6+ Kh5 44. Ra7 Rxb2 45. Rxg7 Kh6 46. Rg8 f4 47. exf4 gxf4 48. Rg4 e3 1/2-1/2

[Event "Olympiad Women 2024"]
[Site "Budapest HUN"]
[Date "2024.09.15"]
[Round "5.52"]
[Board "3"]
[White "Wu, Elise"]
[Black "Pallie, Ehsha Mishela"]
[Result "0-1"]
[WhiteElo "1595"]
[BlackElo "1767"]
[PlyCount "66"]
[EventDate "2024.09.11"]
[WhiteTeam "Suriname"]
[BlackTeam "Sri Lanka"]
[WhiteTeamCountry "SUR"]
[BlackTeamCountry "SRI"]

1. e4 c5 2. Nf3 a6 3. c3 d5 4. exd5 Qxd5 5. d4 Bg4 6. Be2 e6 7. Na3 ({RR} 7. O-O Nf6 8. h3 Bh5 9. Be3 Nbd7 10. c4 Qd6 11. Nc3 cxd4 12. Nxd4 Bxe2 13. Qxe2 Be7 14. Rad1 Qc7 15. b3 O-O 16. Rc1 Rfd8 17. Rfd1 h6 18. Nf3 Ba3 19. Rc2 Bb4 20. Bd2 Qa5 21. Ne4 Nxe4 {1-0 Giri,A (2764)-Artemiev,V (2708) Chess.com Speed blitz 2020 (1.39)}) 7... Nc6 $146 ({RR} 7... cxd4 8. cxd4 Bxa3 9. bxa3 Ne7 10. O-O O-O 11. Rb1 b5 12. h3 Bf5 13. Rb3 Nbc6 14. Rc3 Rfd8 15. Be3 Qxa2 16. Nh4 Be4 17. Bf3 Qd5 18. Bxe4 Qxe4 19. Nf3 Nd5 20. Rb3 Na5 21. Rd3 Nc4 22. Bc1 {0-1 Christiansen,J (2609)-Artemiev,V (2728) Titled Tuesday intern op 3rd March blitz 2020 (8)}) ({RR} 7... cxd4 8. Qa4+ Nd7 9. O-O Ngf6 10. Nxd4 Bxe2 11. Nxe2 Be7 12. Rd1 Qh5 13. Ng3 Qg4 14. Qxg4 Nxg4 15. Nc4 Ngf6 16. Bg5 b5 17. Nd6+ Bxd6 18. Rxd6 Nd5 19. Re1 N7f6 20. Bxf6 Nxf6 21. Ne4 Ke7 22. Rb6 {0-1 Halak,M (2239)-Fernandez Bustamante,L (2080) Titled Tue 7th Nov Late 2023 (11)}) 8. Nc2 cxd4 9. Ncxd4 Nf6 10. Be3 Be7 11. h3 Bh5 12. Qa4 O-O 13. Rd1 b5 14. Nxc6 Qxc6 15. Qb3 Qc7 16. Bg5 Nd5 17. Bxe7 Qxe7 18. Nd4 Bxe2 19. Nxe2 Rfc8 20. O-O Rab8 21. Rfe1 Qc5 22. Nd4 b4 23. Nxe6 fxe6 24. Rxe6 bxc3 25. Rxd5 Rxb3 26. Rxc5 Rxc5 27. bxc3 Rbxc3 28. Rxa6 Kf7 29. a4 Rc6 30. Ra7+ Kf6 31. a5 Ra3 32. Ra8 h6 33. Ra7 Rc5 0-1

[Event "Olympiad Women 2024"]
[Site "Budapest HUN"]
[Date "2024.09.15"]
[Round "5.52"]
[Board "4"]
[White "Gunawardhana, Devindya Oshini"]
[Black "Tjong Tjin Joe, Maylee"]
[Result "1-0"]
[WhiteElo "1956"]
[BlackElo "1665"]
[PlyCount "93"]
[EventDate "2024.09.11"]
[WhiteTeam "Sri Lanka"]
[BlackTeam "Suriname"]
[WhiteTeamCountry "SRI"]
[BlackTeamCountry "SUR"]

1. e4 e5 2. Nf3 Nc6 3. Bb5 Nf6 4. d3 Bc5 5. O-O d6 6. c3 Bb6 7. h3 O-O 8. Nbd2 a6 ({RR} 8... Ne7 9. Ba4 c6 10. d4 Ng6 11. Re1 Re8 12. Bc2 h6 13. a4 Bc7 14. Nf1 Nh7 15. Ng3 Ng5 16. dxe5 Nxf3+ 17. Qxf3 Rxe5 18. Be3 Bb6 19. Rad1 Be6 20. Qe2 h5 21. Bxb6 {½-½ Kobalia,M (2637)-Alekseev,E (2700) RUS-chT 17th 2010 (4)}) ({RR} 8... Ne7 9. Ba4 Ng6 10. Re1 Nh5 11. Nc4 Nhf4 12. Nxb6 axb6 13. Bc2 Qf6 14. Kh2 c5 15. Ng1 h6 16. g3 Ne6 17. Be3 Bd7 18. a3 Bc6 19. Bb3 b5 20. Bd5 Bxd5 21. exd5 Nc7 22. c4 Qe7 23. Qh5 {0-1 Bynum,J (1966)-Otero Marino,A (2249) Titled Tue 28th May Late 2024 (3)}) 9. Ba4 Bd7 10. Bc2 Re8 11. Nc4 $146 ({RR} 11. Nh2 Ne7 12. Nc4 Ba7 13. Be3 b5 14. Bxa7 Rxa7 15. Ne3 Ng6 16. Qf3 Nf4 17. a4 Rb7 18. axb5 axb5 19. Rfd1 N6h5 20. d4 exd4 21. cxd4 Bc6 22. g4 Qg5 23. h4 Qxh4 24. gxh5 Nh3+ 25. Kf1 g6 {1-0 Hadrys,B (2135)-Stachowiak,S (1950) Poznan op 1996 (8)}) 11... Ba7 12. Re1 b5 13. Ne3 h6 14. Nf1 Ne7 15. d4 Ng6 16. Ng3 c5 17. Be3 Qc7 18. Qd2 Qb7 19. Rad1 Rad8 20. d5 a5 21. Nh2 c4 22. Nhf1 Bxe3 23. fxe3 Nf8 24. Nh2 Rb8 25. Nf3 g5 26. Rf1 N8h7 27. Rf2 Bc8 28. Rdf1 Qe7 29. Qe2 Rf8 30. Nh2 Kg7 31. a4 Qe8 32. axb5 Qxb5 33. Bb1 Bd7 34. Ba2 Rbc8 35. Rf3 Ne8 36. Nh5+ Kg8 37. Ng4 Bxg4 38. hxg4 Qd7 39. Ng3 Kg7 40. Nf5+ Kh8 41. Nxh6 f6 42. Bxc4 Kg7 43. Nf5+ Kf7 44. Bb5 Qd8 45. Rh3 Rh8 46. Bxe8+ Kxe8 47. Qa6 1-0

[Event "Olympiad Women 2024"]
[Site "Budapest HUN"]
[Date "2024.09.15"]
[Round "5.53"]
[Board "1"]
[White "Laamim, Roaa"]
[Black "Castillo Pena, Patricia Evarista"]
[Result "1-0"]
[WhiteElo "1879"]
[BlackElo "1928"]
[PlyCount "161"]
[EventDate "2024.09.11"]
[WhiteTeam "Morocco"]
[BlackTeam "Dominican Republic"]
[WhiteTeamCountry "MAR"]
[BlackTeamCountry "DOM"]

1. e4 c5 2. c3 d5 3. exd5 Nf6 4. d4 Qxd5 5. Nf3 Bg4 6. Nbd2 e6 7. Qa4+ Nc6 8. Bc4 Qd6 9. Bb5 Bxf3 10. Nxf3 Be7 11. Ne5 $146 ({RR} 11. dxc5 Qxc5 12. Be3 Qd6 13. Rd1 Qc7 14. Nd4 O-O 15. Bxc6 bxc6 16. Qxc6 Qa5 17. Qb7 Rab8 18. Qxe7 Qa6 19. Qa3 Qc4 20. Ne2 Rfd8 21. Rxd8+ Rxd8 22. b3 Qd3 23. Qc1 Ng4 24. h3 Ne5 25. f4 Ng6 {1-0 Bentivegna,F (2361)-Astengo,C (2136) EU-ch 11th Rijeka 2010 (7)}) ({RR} 11. dxc5 Qxc5 12. Be3 Qd5 13. Rd1 Qe4 14. Qxe4 Nxe4 15. Ne5 Rc8 16. Bxa7 O-O 17. Bxc6 bxc6 18. f3 Nf6 19. Be3 Nd5 20. Ke2 Rb8 21. Rd2 Rfc8 22. g3 Ra8 23. a3 f6 24. Nd3 c5 25. Nf4 Nxf4+ {1-0 Mroziak,M (2338)-Malik,J (2251) CZE-chT2F 1617 2016 (5.1)}) 11... O-O 12. Bxc6 bxc6 13. Qxc6 cxd4 14. Qxd6 Bxd6 15. cxd4 Rfc8 16. O-O Rc2 17. b3 Bb4 18. Be3 Nd5 19. Rfc1 Rxc1+ 20. Rxc1 Nxe3 21. fxe3 Bd2 22. Rc4 Bxe3+ 23. Kf1 f6 24. Nc6 Kf7 25. Ke2 Bf4 26. g3 Bd6 27. Kd3 Ke8 28. Ra4 a6 29. Nb4 a5 30. Nc6 Bc7 31. Kc4 Kd7 32. Kb5 h5 33. b4 h4 34. gxh4 Rh8 35. Nxa5 Rxh4 36. Nb3 Rxh2 37. Ka6 g5 38. b5 g4 39. b6 Bd6 40. Nc5+ Ke7 41. Kb7 f5 42. Kc6 Bb8 43. Ra8 Rh8 44. Nd3 g3 45. Nf4 Rd8 46. Rxb8 Rxb8 47. Kc7 Rg8 48. b7 Kf6 49. Nh5+ Kg5 50. Nxg3 Kf4 51. Nh1 Kf3 52. b8=Q Rxb8 53. Kxb8 Kg2 54. a4 f4 55. a5 f3 56. a6 Kxh1 57. a7 f2 58. a8=Q+ Kg1 59. Kc7 f1=Q 60. Qg8+ Kh2 61. Qh7+ Kg2 62. Qg6+ Kh2 63. Qh6+ Kg2 64. Qxe6 Qf4+ 65. Qe5 Qf7+ 66. Kd6 Qf8+ 67. Ke6 Qh6+ 68. Qf6 Qe3+ 69. Qe5 Qh6+ 70. Kd5 Qd2 71. Qe4+ Kf2 72. Qh4+ Kg2 73. Qe4+ Kf2 74. Ke5 Qa5+ 75. d5 Kg3 76. Ke6 Qa2 77. Qe5+ Kh4 78. Kf6 Qf2+ 79. Ke6 Qa2 80. Kf5 Qg2 81. Qh8+ 1-0

[Event "Olympiad Women 2024"]
[Site "Budapest HUN"]
[Date "2024.09.15"]
[Round "5.53"]
[Board "2"]
[White "Gonzalez Peguero, Mary Loly"]
[Black "Chemaou lilya"]
[Result "1-0"]
[WhiteElo "1889"]
[BlackElo "1565"]
[PlyCount "79"]
[EventDate "2024.09.11"]
[WhiteTeam "Dominican Republic"]
[BlackTeam "Morocco"]
[WhiteTeamCountry "DOM"]
[BlackTeamCountry "MAR"]

1. Nf3 Nf6 2. g3 g6 3. Bg2 Bg7 4. d3 d5 5. c3 c5 6. O-O O-O 7. Nbd2 Nc6 8. e4 Bg4 9. Qc2 e5 ({RR} 9... Qd7 10. Re1 dxe4 11. dxe4 Rfd8 12. Nc4 Bxf3 13. Bxf3 b5 14. e5 bxc4 15. exf6 Bxf6 16. Bf4 Rac8 17. Rad1 Qe8 18. Rxd8 Qxd8 19. Qa4 Qb6 20. Re2 g5 21. Bxc6 Qxc6 22. Qxc6 Rxc6 23. Be3 Kf8 24. Rd2 {0-1 Petrosian,T (2601)-Wang,H (2709) Wch Blitz Riadh 2017 (11)}) ({RR} 9... Bxf3 10. Nxf3 d4 11. Re1 e5 12. Bg5 Qc7 13. cxd4 cxd4 14. Rac1 h6 15. Bd2 Qb6 16. Bh3 h5 17. a3 Ng4 18. b4 Rac8 19. Qb3 Na5 20. Qd5 Qf6 21. Bg2 Rxc1 22. Rxc1 Nc6 23. h3 Nh6 24. Bg5 {1-0 Torres,J (2002)-Alvarez,P (2069) 17th American Cont Rapid 2024 (8.33)}) 10. h3 Bxf3 11. Nxf3 d4 $146 ({RR} 11... h6 12. Bd2 Re8 13. Rae1 Qd7 14. Nh2 Rad8 15. Bc1 b6 16. Qa4 dxe4 17. dxe4 Na5 18. Qxd7 Rxd7 19. Ng4 Nxg4 20. hxg4 Rd3 21. Re3 Red8 22. Rxd3 Rxd3 23. Re1 c4 24. Bf1 Rd8 25. Be3 Rd7 26. Be2 {1-0 Medina Riesgo,P (2123)-Campos Tores,J (1854) Madrid San Viator op-A 31st 2019 (3)}) 12. c4 Qd6 13. a3 a6 14. Nh4 b5 15. b3 Rab8 16. f4 Nh5 17. Kh2 bxc4 18. bxc4 Na5 19. f5 Nb3 20. Rb1 Nxc1 21. Rfxc1 Bh6 22. Rxb8 Rxb8 23. Rb1 Rb6 24. Bf3 Rxb1 25. Qxb1 Qf6 26. Bxh5 gxh5 27. Qd1 Qg5 28. Qe2 Qd2 29. Qxd2 Bxd2 30. Nf3 Bc1 31. a4 f6 32. Kg2 Kf7 33. g4 hxg4 34. hxg4 h6 35. Kh3 Kg7 36. Nh4 Bd2 37. Ng6 Kf7 38. Kh4 Kg7 39. Ne7 Kf7 40. Nd5 1-0

[Event "Olympiad Women 2024"]
[Site "Budapest HUN"]
[Date "2024.09.15"]
[Round "5.53"]
[Board "3"]
[White "El Harrak, Maryam"]
[Black "Almanzar Vasquez, Jeniffer Maria"]
[Result "1-0"]
[WhiteElo "1639"]
[BlackElo "1876"]
[PlyCount "45"]
[EventDate "2024.09.11"]
[WhiteTeam "Morocco"]
[BlackTeam "Dominican Republic"]
[WhiteTeamCountry "MAR"]
[BlackTeamCountry "DOM"]

1. d4 e5 2. dxe5 Nc6 3. Nf3 d6 4. exd6 Bxd6 5. g3 ({RR} 5. Nc3 Nf6 6. Bg5 h6 7. Bh4 Bg4 8. e3 Qe7 9. Bb5 O-O-O 10. Bxc6 bxc6 11. Qe2 Kb7 12. Bg3 Bb4 13. O-O h5 14. Bh4 g5 15. Bxg5 h4 16. h3 Bh5 17. Bxh4 Rdg8 18. Bg3 Bd6 19. e4 Bxg3 {1-0 Praggnanandhaa,R (2608)-Sanal,V (2563) Titled Arena May 8th blitz 2021}) 5... Bf5 ({RR} 5... Bg4 6. Bg2 Qe7 7. O-O O-O-O 8. Qe1 Nf6 9. h3 h5 10. Bg5 Qe6 11. Bxf6 Qxf6 12. Qc3 Qe6 13. Na3 Bb4 14. Qb3 Qxb3 15. axb3 Bxf3 16. exf3 Rd2 17. c3 Bxa3 18. bxa3 Rhd8 19. f4 Na5 20. Rab1 {1-0 Khan,T (2066)-Enemchukwu Chinedu Benjamin (2001) 45th Olympiad 2024 (3.85)}) 6. c3 $146 ({RR} 6. Bg2 Bb4+ 7. Bd2 Qf6 8. c3 Bc5 9. Qb3 Bb6 10. O-O h5 11. e4 Be6 12. Qc2 h4 13. Bg5 Qg6 14. Bxh4 f6 15. h3 Rxh4 16. Nxh4 Qxg3 17. Nf5 Bxf5 18. exf5 O-O-O 19. Qe4 Nh6 20. Na3 Bc5 {1-0 Marti,G (2285)-Zsedely,F (2056) HUN-chT2 Breyer 0405 2004 (2)}) 6... Qd7 7. Bg2 Nf6 8. O-O Bh3 9. Qc2 O-O-O 10. Rd1 Qg4 11. Nbd2 Bxg2 12. Kxg2 h5 13. h3 Qe6 14. Ng5 Qe7 15. Nc4 h4 16. Nxd6+ Rxd6 17. Rxd6 cxd6 18. Bf4 hxg3 19. Bxg3 Nd7 20. Ne4 Qe6 21. Nxd6+ Kd8 22. Qf5 Qxf5 23. Nxf5 1-0

[Event "Olympiad Women 2024"]
[Site "Budapest HUN"]
[Date "2024.09.15"]
[Round "5.53"]
[Board "4"]
[White "Ramirez Luzon, Franchesca"]
[Black "El Barbry, Sarah"]
[Result "1-0"]
[WhiteElo "1820"]
[BlackElo "1862"]
[PlyCount "81"]
[EventDate "2024.09.11"]
[WhiteTeam "Dominican Republic"]
[BlackTeam "Morocco"]
[WhiteTeamCountry "DOM"]
[BlackTeamCountry "MAR"]

1. Nf3 d5 2. c4 Nf6 3. e3 e6 4. b3 Bd6 5. Bb2 Nbd7 6. Nc3 c6 7. Qc2 e5 ({RR} 7... a6 8. d4 b6 9. Bd3 Bb7 10. O-O Rc8 11. e4 dxe4 12. Nxe4 Nxe4 13. Bxe4 Nf6 14. c5 Nxe4 15. Qxe4 Be7 16. Rfe1 O-O 17. Rad1 a5 18. Ne5 Qc7 19. Rd3 Rcd8 20. Rg3 f5 21. Qe2 Bf6 22. Nc4 {0-1 Keymer,V (2667)-Salem,A (2690) Titled Tuesday intern op 17th May Late blitz 2022 (10)}) 8. cxd5 Nxd5 ({RR} 8... cxd5 9. Nb5 Qb6 10. Nxd6+ Qxd6 11. Be2 O-O 12. O-O Re8 13. Rac1 Nf8 14. Qc7 Qxc7 15. Rxc7 N6d7 16. Rfc1 f6 17. d4 e4 18. Nd2 f5 19. Bb5 a6 20. Bxd7 Nxd7 21. Ba3 a5 22. Nb1 a4 23. bxa4 {1-0 Isik,A (2452)-Novotny,M (2265) Prague Int Open 2024 (3.16)}) 9. Ne4 Qe7 $146 ({RR} 9... Bc7 10. Ba3 N7f6 11. Ng3 Bd6 12. Qb2 Bxa3 13. Qxa3 Qc7 14. Rc1 Bg4 15. Bd3 Ne7 16. Ng5 Rd8 17. Bc4 O-O 18. h3 Bf5 19. Nxf5 Nxf5 20. Qxa7 h6 21. Nf3 e4 22. Nh2 Ra8 23. Qc5 Ra5 24. Qb4 {1-0 Zhu,Y (2125)-Mo,X (1633) ch-CHN Personal GpB m 2023 (8.35)}) 10. Nxd6+ Qxd6 11. d4 exd4 12. Qe4+ Qe7 13. Qxd4 N7f6 14. a3 Bd7 15. Bd3 h6 16. Rc1 Be6 17. Qh4 Rd8 18. Bb1 Nb6 19. Nd4 Rd5 20. Nxe6 Qxe6 21. O-O Rh5 22. Qg3 O-O 23. Rfd1 Rg5 24. Qf3 Nfd7 25. h4 Rd5 26. Qg3 g6 27. e4 Rxd1+ 28. Rxd1 Kh7 29. Rd6 Qe7 30. h5 Rg8 31. e5 Nf8 32. hxg6+ fxg6 33. Bc1 Nd5 34. Qh3 Qg7 35. e6 Ne7 36. g4 Nc8 37. Rd8 Nxe6 38. Rd7 Rh8 39. Qxh6+ Kg8 40. Rxg7+ Nxg7 41. Qxg6 1-0

[Event "Olympiad Women 2024"]
[Site "Budapest HUN"]
[Date "2024.09.15"]
[Round "5.54"]
[Board "1"]
[White "Clarke, Adani"]
[Black "Chen, Chi"]
[Result "1-0"]
[WhiteElo "1919"]
[BlackElo "1746"]
[PlyCount "75"]
[EventDate "2024.09.11"]
[WhiteTeam "Jamaica"]
[BlackTeam "Chinese Taipei"]
[WhiteTeamCountry "JAM"]

1. d4 {ChessBase II} Nf6 2. c4 e6 3. Nf3 d5 4. Bg5 c6 5. e3 Qa5+ 6. Nbd2 Ne4 7. Bf4 e5 ({RR} 7... Bb4 8. a3 Bxd2+ 9. Nxd2 Qxd2+ 10. Qxd2 Nxd2 11. Kxd2 O-O 12. b4 a6 13. Bd6 Re8 14. c5 Nd7 15. a4 e5 16. Bd3 exd4 17. exd4 Nf6 18. f3 Bd7 19. Rhb1 h5 20. h4 Kh8 21. b5 axb5 22. axb5 {1-0 Nikolic,P (2671)-Sandipan,C (2555) Amsterdam ACT op 1st 2004 (5)}) ({RR} 7... Nd7 8. Bd3 f5 9. a3 Bd6 10. Bxd6 Nxd6 11. b4 Qd8 12. Qb3 O-O 13. Ne5 Nxe5 14. dxe5 Ne4 15. Nf3 Bd7 16. Nd4 Qc7 17. f4 Rae8 18. Bxe4 fxe4 19. c5 Qd8 20. h4 h5 21. Kd2 g6 22. Rh3 {1-0 Lopez Ramirez,D (1996)-Jaramillo,C (1942) Pereira op-B 2021 (5)}) 8. Bxe5 Bg4 9. Ke2 ({RR} 9. a3) 9... Qb4 $146 ({RR} 9... Nd7 10. h3 Nxe5 11. dxe5 Bh5 12. g4 Bg6 13. Nh4 O-O-O 14. Nxg6 hxg6 15. Qc2 Nxd2 16. Qxd2 Bb4 17. Qc2 d4 18. Qe4 dxe3 19. Kxe3 Qc5+ ({RR} 19... f5) 20. Kf3 Rd4 21. Qe3 Bd2 22. Qe2 Re8 23. b4 Bxb4 24. Kg2 {½-½ Bernstein,J-Helms,H NY State CA Winter-ch32 1910 (1)}) 10. Qc2 Nd7 11. a3 Qxd2+ 12. Qxd2 Nxd2 13. Kxd2 Bxf3 14. gxf3 Nxe5 15. dxe5 dxc4 16. Bxc4 b5 17. Bd3 g6 18. Be4 Rc8 19. Rac1 Rd8+ 20. Ke2 c5 21. Bc6+ Ke7 22. Rxc5 Rc8 23. Rd1 Bh6 24. Rd7+ Kf8 25. Rxa7 Rg8 26. Rb7 Bg5 27. Rbxb5 Be7 28. Rc2 Kg7 29. Rb7 Bh4 30. Be4 Rcd8 31. Rcc7 Rgf8 32. a4 Rde8 33. f4 Rc8 34. b4 Rxc7 35. Rxc7 Rb8 36. Rb7 Rc8 37. a5 Rc4 38. a6 1-0

[Event "Olympiad Women 2024"]
[Site "Budapest HUN"]
[Date "2024.09.15"]
[Round "5.54"]
[Board "2"]
[White "Shih, Ching-An"]
[Black "Miller, Rachel"]
[Result "1-0"]
[WhiteElo "1734"]
[BlackElo "1912"]
[PlyCount "99"]
[EventDate "2024.09.11"]
[WhiteTeam "Chinese Taipei"]
[BlackTeam "Jamaica"]
[BlackTeamCountry "JAM"]

1. e4 c6 2. d4 d5 3. Nc3 dxe4 4. Nxe4 Nf6 5. Nxf6+ exf6 6. c3 Bd6 7. Bd3 O-O 8. Qc2 Re8+ 9. Ne2 h5 10. Bd2 Nd7 11. O-O-O Nf8 12. Ng3 ({RR} 12. f3 a5 13. Rdg1 Be6 14. g4 hxg4 15. fxg4 Bd5 16. h4 Bxh1 17. Rxh1 Qe7 18. g5 f5 19. h5 Qe6 20. Kb1 Qd5 21. Rf1 Qg2 22. Qd1 g6 23. hxg6 fxg6 24. Nf4 Bxf4 25. Bxf4 Ne6 26. Be5 b5 {0-1 Aitbayev,A (2441)-Jones,G (2689) Titled Tuesday intern op 2nd Febr blitz 2019 (9)}) 12... Be6 ({RR} 12... g6 13. Ne4 f5 14. Nxd6 Qxd6 15. h3 Be6 16. Kb1 c5 17. dxc5 Qxc5 18. Be3 Qa5 19. c4 Rec8 20. Rc1 b5 21. Qe2 Rd8 22. Rhd1 Rac8 23. Bg5 Rxd3 24. Qxd3 Bxc4 25. Qa3 Qb6 26. b3 Be6 27. Rxc8 {1-0 Buyankhishig,B (1867)-Larina,M (1969) Titled Tue 3rd Sep Early 2024 (5)}) 13. Kb1 c5 $146 ({RR} 13... g6 14. Ne4 b5 15. Bc1 a5 16. Nxd6 Qxd6 17. b3 a4 18. b4 Bd5 19. f4 f5 20. Rhe1 Nd7 21. Re5 Nf6 22. h3 h4 23. Qf2 Ne4 24. Bxe4 Bxe4+ 25. Ka1 f6 26. Rxe8+ Rxe8 27. Qxh4 Bd5 28. Re1 {0-1 Ritviz,P (2299)-Nezad,H (2377) Abu Dhabi Masters 28th 2022 (5)}) ({RR} 13... h4 14. Nf5 Bxf5 15. Bxf5 Re2 16. Rhf1 Bf4 17. g3 Bxd2 18. Rxd2 Rxd2 19. Qxd2 Qa5 20. Bd3 Re8 21. Qf4 Ng6 22. Qf5 Qxf5 23. Bxf5 hxg3 24. hxg3 Ne7 25. Bd3 Nd5 26. Kc2 g6 27. Kd2 f5 28. a3 {½-½ O'Gorman,T (2368)-Atakhan,A (2294) Titled Tuesday intern op 09th Mar blitz 2021 (9)}) 14. dxc5 Bxc5 15. Be3 Qb6 16. Bxc5 Qxc5 17. Ne4 Qa5 18. c4 Red8 19. Qc3 Qc7 20. b3 a5 21. a4 Rac8 22. Kb2 Nd7 23. Nd6 Ra8 24. Nb5 Qb6 25. f3 Nc5 26. Bc2 Rdc8 27. Rd6 Rc6 28. Rhd1 Rac8 29. Qd2 Rxd6 30. Qxd6 Qxd6 31. Rxd6 Kf8 32. Rd4 Ke7 33. Kc3 b6 34. Rd6 Nxa4+ 35. Kd2 Nc5 36. Rxb6 Bd7 37. Nc3 Bc6 38. Be4 Nxe4+ 39. fxe4 Kd6 40. Ra6 Kc5 41. Rxa5+ Kb4 42. Rxh5 Kxb3 43. Kd3 g6 44. Ra5 f5 45. exf5 Bxg2 46. Rb5+ Ka3 47. Kc2 Be4+ 48. Nxe4 Rxc4+ 49. Nc3 Rb4 50. Ra5+ 1-0

[Event "Olympiad Women 2024"]
[Site "Budapest HUN"]
[Date "2024.09.15"]
[Round "5.54"]
[Board "3"]
[White "Brown, Raehanna"]
[Black "Chen, I-Chen"]
[Result "1-0"]
[WhiteElo "1910"]
[BlackElo "1771"]
[PlyCount "83"]
[EventDate "2024.09.11"]
[WhiteTeam "Jamaica"]
[BlackTeam "Chinese Taipei"]
[WhiteTeamCountry "JAM"]

1. c4 e6 2. Nc3 d5 3. cxd5 exd5 4. d4 Nf6 5. Bg5 c6 6. e3 h6 7. Bh4 Be7 8. Bd3 Nbd7 9. Nge2 O-O 10. O-O Re8 11. Qc2 b5 12. a4 ({RR} 12. Nb1 Bb7 13. Nd2 a5 14. a4 Qb6 15. Rfc1 Bb4 16. Nc3 Ba6 17. Bf5 Rab8 18. axb5 Bxb5 19. Bg3 Rb7 20. Nxb5 Qxb5 21. Nf3 c5 22. dxc5 Bxc5 23. Qd1 g6 24. Bc2 Qb6 25. Ba4 Re4 26. b3 Re6 {1-0 Antoniewski,R (2450)-Fiedorek,M (2315) TCh-POL 1st League 2024 (2.3)}) 12... b4 13. Nb1 Bb7 14. a5 $146 ({RR} 14. Nd2 Rc8 15. Nb3 Ne4 16. Bxe7 Qxe7 17. Rfc1 Nxf2 18. Kxf2 Qxe3+ 19. Kf1 Re6 20. Nd2 c5 21. Nf3 Rf6 22. Bf5 cxd4 23. Qd3 Rxf5 24. Qxf5 Rxc1+ 25. Rxc1 Ba6 26. Re1 d3 27. Nfg1 Nc5 28. Qf3 Qd2 {1-0 Luberanski,J (2274)-Krainski,A (2066) Suwalki Warakomska Memorial 5th 2021 (1)}) 14... a6 15. Nd2 c5 16. Bxf6 Bxf6 17. dxc5 Rc8 18. Nb3 Qe7 19. Rac1 Ne5 20. Ned4 Nc4 21. Bxc4 dxc4 22. Qxc4 Qe4 23. c6 Qe7 24. Qd3 Ba8 25. Qxa6 Rc7 26. Rfd1 Rec8 27. Nb5 Bxb2 28. Nxc7 Qxc7 29. Rd7 Qb8 30. c7 Qb7 31. Qxb7 Bxb7 32. Rcd1 Kh7 33. Nc5 Bc6 34. Rxf7 Bf6 35. Rd6 Be8 36. Rdxf6 Bxf7 37. Rxf7 Kg6 38. Rd7 Kf6 39. Na6 b3 40. Rd6+ Ke7 41. Rb6 Kd7 42. Rxb3 1-0